Les personnages de The Walking Dead - Statistiques

Statistiques générales
  • Ce quiz a été pris 40 fois
  • Le résultat moyen est 24 sur 147
Statistiques - réponses
Hint Réponse % Correct
64 Rick Grimes
90%
17 Lori Grimes
63%
100 Daryl Dixon
60%
53 Carl Grimes
53%
20 Merle Dixon
53%
87 Michonne
53%
45 Glenn Rhee
47%
102 Judith Grimes
47%
101 Carol Peletier
43%
10 Shane Walsh
40%
113 Aaron
37%
2 Ed Peletier
37%
107 Rosita Espinosa
37%
7 Sophia Peletier
37%
32 Beth Greene
33%
25 Hershel Greene
33%
3 Jim
33%
65 Maggie Rhee
33%
6 Otis
30%
57 Simon
30%
69 Tara Chambler
30%
44 Abraham Ford
27%
86 Alpha
27%
88 Bêta
27%
68 Enid
27%
108 Eugene Porter
27%
26 Le Gouverneur
27%
52 Morales
27%
35 Noah
27%
59 Dwight
23%
31 Gareth
23%
61 Gregory
23%
5 Jacqui
23%
12 Jimmy
23%
112 Len
23%
141 Mercer
23%
58 Morgan Jones
23%
135 Negan Smith
23%
143 Pamela Milton
23%
11 Patricia
23%
67 Paul Rovia
23%
63 Arat
20%
19 Axel
20%
126 Connie
20%
121 Jerry
20%
138 Lance
20%
103 Lilly Chambler
20%
129 Lydia
20%
124 Magna
20%
39 Nicholas
20%
18 Oscar
20%
37 Reg Monroe
20%
46 Spencer Monroe
20%
125 Yumiko
20%
36 Aiden Monroe
17%
8 Dale Horvath
17%
109 Gabriel Stokes
17%
130 Hershel Rhee
17%
66 Jadis
17%
127 Kelly
17%
81 Laura
17%
128 Luke
17%
104 Meghan Chambler
17%
47 Olivia
17%
136 Princesse
17%
79 Siddiq
17%
34 Tyreese Williams
17%
98 Alden
13%
111 Alex
13%
1 Amy Harrison
13%
21 Andrea Harrison
13%
15 Andrew
13%
30 Bob Stookey
13%
80 Dante
13%
84 Gamma
13%
70 Henry
13%
29 Joe
13%
22 Milton Mamet
13%
50 Sasha Williams
13%
142 Sebastien Milton
13%
16 Theodore Douglas
13%
49 Benjamin
10%
13 Big Tiny
10%
122 Cyndie
10%
33 Dawn Lerner
10%
43 Denise Cloyd
10%
71 DJ
10%
4 Edwin Jenner
10%
54 Gavin
10%
131 Gracie
10%
40 Jessie Anderson
10%
24 Karen
10%
27 Lizzie Samuels
10%
92 Lucille Smith
10%
28 Mika Samuels
10%
38 Pete Anderson
10%
42 Ron Anderson
10%
41 Sam Anderson
10%
139 Stephanie
10%
14 Tomas
10%
96 Agatha
7%
89 Beatrice
7%
137 Elijah
7%
78 Francine
7%
72 Frankie
7%
116 Heath
7%
99 Leah Shaw
7%
110 Mary
7%
23 Patrick
7%
97 Pope
7%
48 Richard
7%
118 Scott
7%
56 Tobin
7%
77 Addy
3%
114 Barbara
3%
105 Caesar Martinez
3%
95 Duncan
3%
85 Earl Sutton
3%
51 Eric Raleigh
3%
123 Jules
3%
140 Max Mercer
3%
9 Randall Culver
3%
106 Shumpert
3%
73 Tammy Rose Sutton
3%
134 Virgil
3%
132 Adam Sutton
0%
76 Alek
0%
146 Amber
0%
117 Carter
0%
94 Cole
0%
120 Ezekiel Sutton
0%
93 Gage
0%
119 Gary
0%
144 Georgie
0%
55 Harlan Carson
0%
82 Jed
0%
62 Justin
0%
60 Kenneth Sutton
0%
115 Marco
0%
91 Mays
0%
90 Natanael
0%
74 Ozzy
0%
83 Regina
0%
75 Rodney
0%
133 Socorro Espinosa
0%
147 Tanya
0%
145 Tommy
0%
Aucun quiz correspondant
Distribution des résultats
% des personnes avec chaque résultat
Percentile par nombre de réponses
Votre historique - résultats
Vous n’avez pas pris ce quiz